书目信息 |
| 题名: |
羽毛球竞赛规则
|
|
| 作者: | ;国家体育运动委员会 审定 | |
| 分册: | ||
| 出版信息: | 北京 人民体育出版社 1983 |
|
| 页数: | 46页 | |
| 开本: | 19cm | |
| 丛书名: | ||
| 单 册: | ||
| 中图分类: | G847.04 | |
| 科图分类: | ||
| 主题词: | 羽毛球运动-竞赛规则--1983 , 竞赛规则-羽毛球运动--1983 | |
| 电子资源: | ||
| ISBN: | ||
| 000 | 00725nam0 2200253 45 | |
| 001 | 0183011114 | |
| 005 | 20061106093017.90 | |
| 010 | @dCNY0.15 | |
| 091 | @aCN@b7015.2126 | |
| 100 | @a19950704d1983 em y0chiy0121 ea | |
| 101 | 0 | @achi |
| 102 | @aCN@b110000 | |
| 105 | @ay z 000yy | |
| 200 | 10 | @a羽毛球竞赛规则@Ayu mao qiu jing sai gui ze@e1983@f国家体育运动委员会审定 |
| 205 | @a9版 | |
| 210 | @a北京@c人民体育出版社@d1983 | |
| 215 | @a46页@d19cm | |
| 606 | @a羽毛球运动-竞赛规则@z1983 | |
| 606 | @a竞赛规则-羽毛球运动@z1983 | |
| 690 | @aG847.04@v3 | |
| 711 | 02 | @a国家体育运动委员会@Aguo jia ti yu yun dong wei yuan hui@4审定 |
| 801 | 2 | @aCN@bNLC@c20061106 |
| 801 | 0 | @aCN@bTSSF |
| 905 | @a10447@dG847.04@e15 | |
| 羽毛球竞赛规则:1983/国家体育运动委员会审定.-9版.-北京:人民体育出版社,1983 |
| 46页;19cm |
| ISBN :CNY0.15 |
| ● |
| 相关链接 |
|
|
|
|
正题名:羽毛球竞赛规则
索取号:G847.04/15
 
预约/预借
| 序号 | 登录号 | 条形码 | 馆藏地/架位号 | 状态 | 备注 |
| 1 | 0100616 | 000993875 | 第一样本阅览室/ [索取号:G847.04/15] | 在馆 |